Applied and Computational Fluid Mechanics / (Record no. 32181)

000 -LEADER
fixed length control field 01203cam a2200289 a 4500
001 - CONTROL NUMBER
control field 15772248
003 - CONTROL NUMBER IDENTIFIER
control field OSt
005 - DATE AND TIME OF LATEST TRANSACTION
control field 20170131103239.0
008 - FIXED-LENGTH DATA ELEMENTS--GENERAL INFORMATION
fixed length control field 090611s2011 maua b 001 0 eng
010 ## - LIBRARY OF CONGRESS CONTROL NUMBER
LC control number 2009022415
020 ## - INTERNATIONAL STANDARD BOOK NUMBER
International Standard Book Number 9781934015476 (hbk.)
020 ## - INTERNATIONAL STANDARD BOOK NUMBER
International Standard Book Number 1934015474 (hbk.)
035 ## - SYSTEM CONTROL NUMBER
System control number (OCoLC)ocn225874149
040 ## - CATALOGING SOURCE
Original cataloging agency DLC
Transcribing agency DLC
Modifying agency BTCTA
-- BAKER
-- YDXCP
-- C#P
-- BWX
-- CDX
-- DLC
050 00 - LIBRARY OF CONGRESS CALL NUMBER
Classification number TA357
Item number .P486 2011
082 00 - DEWEY DECIMAL CLASSIFICATION NUMBER
Classification number 620.1/06
Edition number 22
100 1# - MAIN ENTRY--PERSONAL NAME
Personal name Post, Scott.
245 10 - TITLE STATEMENT
Title Applied and Computational Fluid Mechanics /
Statement of responsibility, etc. Scott Post.
260 ## - PUBLICATION, DISTRIBUTION, ETC.
Place of publication, distribution, etc. Sudbury, Mass. :
Name of publisher, distributor, etc. Jones and Bartlett Publishers,
Date of publication, distribution, etc. c2011.
300 ## - PHYSICAL DESCRIPTION
Extent xiv, 524 p. :
Other physical details ill. ;
Dimensions 24 cm. +
Accompanying material 1 CD-ROM (4 3/4 in.)
504 ## - BIBLIOGRAPHY, ETC. NOTE
Bibliography, etc. note Includes bibliographical references and index.
505 0# - FORMATTED CONTENTS NOTE
Formatted contents note Introduction -- Fluid statics -- Fluid dynamics -- Differential equations of fluid motion -- Internal flow -- External flow -- Rotating machinery -- Additional applications -- Fluid measurement techniques.
650 #0 - SUBJECT ADDED ENTRY--TOPICAL TERM
Topical term or geographic name entry element Fluid mechanics.
906 ## - LOCAL DATA ELEMENT F, LDF (RLIN)
a 7
b cbc
c orignew
d 1
e ecip
f 20
g y-gencatlg
942 ## - ADDED ENTRY ELEMENTS (KOHA)
Source of classification or shelving scheme
Koha item type Book
Holdings
Withdrawn status Lost status Source of classification or shelving scheme Damaged status Not for loan Permanent Location Current Location Date acquired Total Checkouts Full call number Barcode Date last seen Date last checked out Price effective from Koha item type
          School of Mechanical & Manufacturing Engineering (SMME) School of Mechanical & Manufacturing Engineering (SMME) 07/28/2015 3 620.106 POS SMME-875 01/31/2023 12/05/2022 07/28/2015 Book
© 2023 Central Library, National University of Sciences and Technology. All Rights Reserved.